| 000 | 00964nam a2200241Ia 4500 | ||
|---|---|---|---|
| 003 | GCL | ||
| 008 | 140319s9999 xx 000 0 ara d | ||
| 040 |
_aGCL / _cGCL |
||
| 082 | 0 | 4 |
_a818.02 _bث ث |
| 100 | 1 | _aالثعالبى : ابومنصور عبدالملك بن محمد بن اسماعيل النيسابورى | |
| 245 | 1 | 0 |
_aثمار القلوب فى المضاف والمنسوب / _cالثعالبى : ابومنصور عبدالملك بن محمد بن اسماعيل النيسابورى |
| 700 | 1 | _aمحمد ابوالفضل ابراهيم | |
| 260 |
_a[S.N] : _bدار المعارف ، _c1985 |
||
| 300 | _a816 ص | ||
| 490 |
_aذخائر العرب _v0 |
||
| 650 | 0 | 4 | _aالادب العربى |
| 650 | 0 | 4 | _aالامثال العربية |
| 650 | 0 | 4 | _aاللغة العربية |
| 650 | 0 | 4 | _aالبلاغة العربية |
| 650 | 0 | 4 | _aالدولة العباسية الثالثة |
| 650 | 0 | 4 | _aالمجموعات |
| 942 |
_2ddc _cBK |
||
| 999 |
_c28999 _d28999 |
||